| 000 | 00708nam a2200181Ia 4500 | ||
|---|---|---|---|
| 008 | 090124s9999 xx 000 0 und d | ||
| 082 | _b43537 | ||
| 100 | _aवाटवे मालती कृष्ण | ||
| 245 | _aNAMYACHI AMRUTVANI नामयाची अमृतवाणी | ||
| 250 | _a1 | ||
| 260 |
_bमानव गौरव प्रतिष्टान _c2003 |
||
| 300 | _a144 | ||
| 600 | _aवाटवे मालती कृष्ण | ||
| 630 | _aNAMYACHI AMRUTVANI नामयाची अमृतवाणी | ||
| 700 | _aवाटवे मालती कृष्ण | ||
| 730 | _aNAMYACHI AMRUTVANI नामयाची अमृतवाणी | ||
| 942 | _cBOOK | ||
| 999 |
_c109766 _d109766 |
||